الانثربولوجيون الاجتماعيون واللغة : (رقم التسجيلة. 140697)

تفاصيل مارك
000 -LEADER
fixed length control field 01659namaa2200361 i 4500
003 - CONTROL NUMBER IDENTIFIER
control field EG-GiCUC
005 - DATE AND TIME OF LATEST TRANSACTION
control field 20250714112511.0
008 - FIXED-LENGTH DATA ELEMENTS--GENERAL INFORMATION
fixed length control field 151001s1999 ua jr 000 0 ara d
017 ## - COPYRIGHT OR LEGAL DEPOSIT NUMBER
Copyright or legal deposit number 98 / 11368
Assigning agency دار الكتب والوثائق القومية (مصر)
020 ## - INTERNATIONAL STANDARD BOOK NUMBER
International Standard Book Number 9771968017
040 ## - CATALOGING SOURCE
Original cataloging agency EG-GiCUC
Language of cataloging ara
Transcribing agency EG-GiCUC
Modifying agency EG-GiCUC
Description conventions rda
041 1# - LANGUAGE CODE
Language code of text/sound track or separate title ara
Language code of original eng
082 04 - DEWEY DECIMAL CLASSIFICATION NUMBER
Edition number 21
Classification number 306.44
Item number H5268
092 04 - LOCALLY ASSIGNED DEWEY CALL NUMBER (OCLC)
Classification number 306.44
Item number H5268
Edition number 21
099 04 - LOCAL FREE-TEXT CALL NUMBER (OCLC)
Classification number 306.44 H5268
100 1# - MAIN ENTRY--PERSONAL NAME
Personal name هنسون، هيلارى،
Relator term مؤلف.
240 1# - UNIFORM TITLE
Uniform title British social anthropolgists and language
Language of a work Arabic
245 12 - TITLE STATEMENT
Title الانثربولوجيون الاجتماعيون واللغة :
Remainder of title عرض نقدى لتطور العلاقة فى بريطانيا /
Statement of responsibility, etc. تأليف هيلارى هنسون ؛ نقله الى العربية محمود حمدى عبد الغنى
264 ## - PRODUCTION, PUBLICATION, DISTRIBUTION, MANUFACTURE, AND COPYRIGHT NOTICE
Place of production, publication, distribution, manufacture الاسكندرية :
Name of producer, publisher, distributor, manufacturer دار المعرفة الجامعية،
Date of production, publication, distribution, manufacture, or copyright notice 1999
300 ## - PHYSICAL DESCRIPTION
Extent 245 صفحة ؛
Dimensions 24 سم
336 ## - CONTENT TYPE
Source rdacontent
Content type term text
337 ## - MEDIA TYPE
Source rdamedia
Media type term Unmediated
338 ## - CARRIER TYPE
Source rdacarrier
Carrier type term volume
500 ## - GENERAL NOTE
General note الترجمة العربية لـ : British Social Anthropologists and Language
500 ## - GENERAL NOTE
General note النسخة رقم (171727) اهداء د. / جابر عصفور
504 ## - BIBLIOGRAPHY, ETC. NOTE
Bibliography, etc. note يشتمل على ارجاعات ببليوجرافية
541 ## - IMMEDIATE SOURCE OF ACQUISITION NOTE
Method of acquisition اهداء ؛
Source of acquisition د.فاروق محمد العادلى ؛
Address القاهرة ؛
Date of acquisition 2015
650 #7 - SUBJECT ADDED ENTRY--TOPICAL TERM
Topical term or geographic name entry element الاجتماع اللغوى، علم
Source of heading or term qrmak
700 1# - ADDED ENTRY--PERSONAL NAME
Personal name عبد الغنى، محمود حمدى،
Relator term مترجم.
905 ## - Cataloger and Reviser Names
Cataloger Name
Reviser Name
905 ## - Cataloger and Reviser Names
Cataloger Name
Reviser Name
942 ## - ADDED ENTRY ELEMENTS (KOHA)
Source of classification or shelving scheme Dewey Decimal Classification
Koha item type Books
Edition 21
Suppress in OPAC No
المقتنيات
Withdrawn status Lost status Source of classification or shelving scheme Damaged status Not for loan Home library Current library Date acquired Inventory number Total checkouts Full call number Barcode Date last seen Copy number Price effective from Koha item type
    Dewey Decimal Classification     المكتبة المركزبة الجديدة - جامعة القاهرة قاعة المكتبات المهداة - الدور الرابع 11.02.2024 12842370   306.44 H5268 F.A. 01000100145638000 23.06.2024 C.1 23.09.2023 Books
    Dewey Decimal Classification   Not for loan المكتبة المركزبة الجديدة - جامعة القاهرة قاعة المكتبات المهداة - الدور الرابع 14.07.2025 171727   306.44 H5268 J.U. 01000100171727000 14.07.2025   14.07.2025 Books
Cairo University Libraries Portal Implemented & Customized by: Eng. M. Mohamady Contacts: new-lib@cl.cu.edu.eg | cnul@cl.cu.edu.eg
CUCL logo CNUL logo
© All rights reserved — Cairo University Libraries
CUCL logo
Implemented & Customized by: Eng. M. Mohamady Contact: new-lib@cl.cu.edu.eg © All rights reserved — New Central Library
CNUL logo
Implemented & Customized by: Eng. M. Mohamady Contact: cnul@cl.cu.edu.eg © All rights reserved — Cairo National University Library